ბათუმის შოთა რუსთაველის სახელმწიფო უნივერსიტეტის ბიბლიოთეკა

Век живи - век учись : (ბიბ.ჩანაწერი № 62556)

000 -LEADER
fixed length control field 00900nam a22002057a 4500
005 - DATE AND TIME OF LATEST TRANSACTION
control field 20241206105133.0
008 - FIXED-LENGTH DATA ELEMENTS--GENERAL INFORMATION
fixed length control field 241206s2018 ru ||||| |||| 00| 0 rus d
020 ## - INTERNATIONAL STANDARD BOOK NUMBER
International Standard Book Number 9785001009788x
041 ## - LANGUAGE CODE
Language code of text/sound track or separate title rus
080 ## - UNIVERSAL DECIMAL CLASSIFICATION NUMBER
Universal Decimal Classification number 37.04 : 159.9 П-29
100 ## - MAIN ENTRY--PERSONAL NAME
Personal name Петерсон, Кей
9 (RLIN) 23880
245 ## - TITLE STATEMENT
Title Век живи - век учись :
Remainder of title Найдите стиль обучения, подходящий именно вам /
Statement of responsibility, etc. Кей Петерсон, Колб Дэвид ; Перевод с англ. Н. Брагиной.
264 ## - PRODUCTION, PUBLICATION, DISTRIBUTION, MANUFACTURE, AND COPYRIGHT NOTICE
Place of production, publication, distribution, manufacture Москва :
Name of producer, publisher, distributor, manufacturer Манн, Иванов и Фербер,
Date of production, publication, distribution, manufacture, or copyright notice 2018.
300 ## - PHYSICAL DESCRIPTION
Extent 220 стр.;
Other physical details 21 см.
653 ## - INDEX TERM--UNCONTROLLED
keyword სწავლის სტილი
653 ## - INDEX TERM--UNCONTROLLED
keyword ფსიქოლოგია
700 ## - ADDED ENTRY--PERSONAL NAME
Personal name Колб, Н.
Relator term ავტორი
9 (RLIN) 23881
700 ## - ADDED ENTRY--PERSONAL NAME
Personal name Брагина, Н.
Relator term მთარგმნელი
9 (RLIN) 23882
942 ## - ADDED ENTRY ELEMENTS (KOHA)
Source of classification or shelving scheme
Koha item type წიგნი
ეგზემპლარები
Withdrawn status Lost status Source of classification or shelving scheme Damaged status Not for loan Permanent Location Current Location Shelving location Date acquired Cost, normal purchase price Full call number Barcode Date last seen Copy number Price effective from Koha item type Public note
          ბათუმის შოთა რუსთაველის სახელმწიფო უნივერსიტეტის მთავარი ბიბლიოთეკა ბათუმის შოთა რუსთაველის სახელმწიფო უნივერსიტეტის მთავარი ბიბლიოთეკა წიგნსაცავი 2024-12-06 63.00 37.04 : 159.9 П-29 69926 2024-12-06 69926 2024-12-06 წიგნი 63 ლ.